Malay-English, English-Malay dictionary / (Record no. 132731)
[ view plain ]
| 000 -LEADER | |
|---|---|
| fixed length control field | 00847nam a2200253 a 4500 |
| 001 - CONTROL NUMBER | |
| control field | vtls003211382 |
| 003 - CONTROL NUMBER IDENTIFIER | |
| control field | MY-SjTCS |
| 005 - DATE AND TIME OF LATEST TRANSACTION | |
| control field | 20200226114444.0 |
| 008 - FIXED-LENGTH DATA ELEMENTS--GENERAL INFORMATION | |
| fixed length control field | 110218s2008 my d 000 0 eng d |
| 020 ## - INTERNATIONAL STANDARD BOOK NUMBER | |
| International Standard Book Number | 9789836803207 (pbk.) |
| 020 ## - INTERNATIONAL STANDARD BOOK NUMBER | |
| International Standard Book Number | 9836803203 (pbk.) |
| 039 #9 - LEVEL OF BIBLIOGRAPHIC CONTROL AND CODING DETAIL [OBSOLETE] | |
| Level of rules in bibliographic description | 201102181654 |
| Level of effort used to assign nonsubject heading access points | VLOAD |
| Level of effort used to assign subject headings | 201012081201 |
| Level of effort used to assign classification | wilmina |
| -- | 201010201507 |
| -- | malathy |
| 041 ## - LANGUAGE CODE | |
| Language code of text/sound track or separate title | mal |
| -- | eng |
| 082 04 - DEWEY DECIMAL CLASSIFICATION NUMBER | |
| Classification number | 499.23321 |
| Item number | YAN 2008 |
| 100 0# - MAIN ENTRY--PERSONAL NAME | |
| Personal name | Yang Kassim. |
| 9 (RLIN) | 6340 |
| 245 10 - TITLE STATEMENT | |
| Title | Malay-English, English-Malay dictionary / |
| Statement of responsibility, etc. | Yang Kassim. |
| 260 ## - PUBLICATION, DISTRIBUTION, ETC. | |
| Place of publication, distribution, etc. | Batu Caves, Selangor : |
| Name of publisher, distributor, etc. | Minerva Publications, |
| Date of publication, distribution, etc. | 2008. |
| 300 ## - PHYSICAL DESCRIPTION | |
| Extent | 1181 p. ; |
| Dimensions | 20 cm |
| 500 ## - GENERAL NOTE | |
| General note | "Kamus Minerva"--Cover. |
| 546 ## - LANGUAGE NOTE | |
| Language note | Text in English and Malay. |
| 650 #0 - SUBJECT ADDED ENTRY--TOPICAL TERM | |
| Topical term or geographic name entry element | Malay language |
| Form subdivision | Dictionaries |
| General subdivision | English. |
| 9 (RLIN) | 29885 |
| 650 #0 - SUBJECT ADDED ENTRY--TOPICAL TERM | |
| Topical term or geographic name entry element | English language |
| Form subdivision | Dictionaries |
| General subdivision | Malay. |
| 9 (RLIN) | 22728 |
| 920 ## - Programme | |
| Programme | GENLS : 153123 |
| Withdrawn status | Lost status | Source of classification or shelving scheme | Damaged status | Not for loan | Home library | Current library | Date acquired | Cost, normal purchase price | Total Checkouts | Barcode | Date last seen | Copy number | Cost, replacement price | Koha item type | Public note |
|---|---|---|---|---|---|---|---|---|---|---|---|---|---|---|---|
| Withdrawn | Dewey Decimal Classification | Taylor's Library-TU | Taylor's Library-TU | 21/10/2010 | 33.90 | 5000107041 | 05/12/2019 | 1 | 33.90 | Reference Collection | GENLS,GENLS,02,GR |